000 00596nam a2200193 i 4500
001 61281
003 ES-MaACL
005 20250628040747.0
007 t|
008 031111s1960 sp ||||1| spa d
100 1 _aEurípides.
_948332
245 1 0 _aTragedias
_b: las Bacantes-Hecuba /
_cEurípides ; texto revisado y traducido por Antonio Tovar.
260 _aBarcelona :
_bAlma Mater,
_c1960 (
_fAldecoa)
300 _a166 p. ;
_c24 cm.
500 _aEs el t.2.
700 1 _aTovar, Antonio,
_d1911-1985
_9111167
852 _aES-MaACL
_jE-4264
_bR.48366
999 _c61281
_d61281